|
|
|
|
| LEADER |
00633nab a2200181 i 4500 |
| 001 |
univ10512 |
| 005 |
20171214091539.0 |
| 008 |
170606s1922 hu o 0|| hun d |
| 040 |
|
|
|a SZTE UnivHistória Repozitórium
|b hun
|
| 041 |
|
|
|a hun
|
| 100 |
1 |
|
|a Lovász Pál
|
| 245 |
1 |
2 |
|a A Tiszánál
|h [elektronikus dokumentum] :
|b [vers] /
|c Lovász Pál
|
| 260 |
|
|
|c 1922
|
| 300 |
|
|
|a 15
|
| 490 |
0 |
|
|a Uj [új] élet : politikai, társadalmi és kritikai hetilap
|v 2 No. 25
|
| 561 |
|
|
|a Egyetemi, hallgatói élet
|
| 695 |
|
|
|a Magyar irodalom - vers - 1922.
|
| 856 |
4 |
0 |
|u http://univ.bibl.u-szeged.hu/10512/1/uj_elet_002_025_015.pdf
|z Dokumentum-elérés
|